Detail (Registro nro. 9533)

Detalles MARC
000 -LEADER
longitud fija campo de control 01141nas a2200337 a 4500
003 - IDENTIFICADOR DE NUMERO DE CONTROL
control del campo AR-RoUNA
022 ## - ISSN
ISSN 0011-9571
022 ## - ISSN
ISSN 1578-5769
040 ## - ORIGEN DE LA CATALOGACION
Agencia que cataloga la obra original AR-RoUNA
Idioma en que se cataloga spa
041 ## - CODIGO DE IDIOMA
Codigo de idioma del texto / sonido o titulo separado spa
044 ## - CODIGO DE PAIS / ENTIDAD PRODUCTORA
Codigo MARC del pais ag
245 ## - TITULO PROPIAMENTE DICHO
Titulo Detail
Subtitulo : Revista de Arquitectura y Detalles Constructivos
260 ## - EDITORIAL - PUBLICACION, DISTRIBUCION, ETC. (Pie de imprenta)
Lugar de publicacion, distribucion, etc Bilbao, España
Nombre del editor, distribuidor, etc Reed Business information
Fecha de publicacion 2004
300 ## - DESCRIPCION FISICA
Extension [s/n]
Otros detalles fisicos fot. col.,
-- planos,
Dimensiones 30x21cm
505 0# - NOTA DE CONTENIDO CON FORMATO
Title Año 2001 Nº 1 NOV-DIC (ISSN 1578-5769)
505 0# - NOTA DE CONTENIDO CON FORMATO
Title Año 2002 Nº 4 DIC-ENE (ISSN 0011-9571)
505 0# - NOTA DE CONTENIDO CON FORMATO
Title Año 2003 Nº 1 MAR-ABR (ISSN 0011-9571)
505 0# - NOTA DE CONTENIDO CON FORMATO
Title Año 2003 Nº 3 SEP-OCT (ISSN 1578-5769)
505 0# - NOTA DE CONTENIDO CON FORMATO
Title Año 2003 Nº 4 DIC-ENE (ISSN 1578-5769)
505 0# - NOTA DE CONTENIDO CON FORMATO
Title Año 2004 Nº 1 ENE-FEB (ISSN 1578-5769)
505 0# - NOTA DE CONTENIDO CON FORMATO
Title Año 2004 Nº 3 JUN-JUL (ISSN 1578-5769)
650 ## - MATERIA - TERMINO TEMATICO
Termino tematico general Arquitectura
9 (RLIN) 23541
650 ## - MATERIA - TERMINO TEMATICO
Termino tematico general Construcción
9 (RLIN) 23542
650 ## - MATERIA - TERMINO TEMATICO
Termino tematico general Sistemas construcctivos
9 (RLIN) 23544
856 ## - LOCALIZACION ELECTRONICA Y ACCESO
Identificador uniforme de recursos <a href="https://www.detail-online.com/">https://www.detail-online.com/</a>
866 ## - EXISTENCIAS DE LA UNIDAD BIBLIOGRÁFICA BÁSICA
Indice de existencias (2001: Nº1); (2002: Nº4); (2003: Nº 1,3-4); (2004: Nº 1, 3)
908 ## - SOPORTE
Soporte Imp
942 ## - FUENTE DE CLASIFICACION
Clasificacion Universal Decimal Classification
Tipo de item Analítica
945 ## - INFORMACION DE PROCESAMIENTO
Fecha de ingreso o modificacion 2022-12-12
980 ## - EQUIVALENCE OR CROSS-REFERENCE-SERIES STATEMENT--PERSONAL NAME/TITLE [LOCAL, CANADA]
Field link and sequence number 3
Miscellaneous information Germán Grimolizzi
Existencias
Estado retiro Estado perdido Sistema de clasificacion Estado general Biblioteca de origen Ubicacion actual Localizacion en estante Fecha de adquisicion Fuente de adquisicion Prestamos totales Fecha ultima visto Precio efectivo a partir de Tipo de elemento KOHA Número de Kardex Nota no publica
Disponible Disponible udc No dañado Arq. Hilarión H. Larguia Arq. Hilarión H. Larguia Heme 17/09/2019 Don   17/09/2019 17/09/2019 Recurso contínuo K419